00378 a2200109 4500001001000000005001700010008004100027245007500068100003100143773007700174999001700251ART_4764320260410162013.0260409a 10aSobre los otros factores de imputación de la responsabilidad estatal1 aBalbín, Carlos Francisco0 tTemas de derecho administrativog- Año 3, N° 10 (oct. 2018)wREV40468 c32422d32422